000 00522nam a2200181 a 4500
001 000014106
005 20240410184606.0
008 091204s1988 dr a 000 0 spa d
040 _aDO-SdBNP
082 _a617.6
_bN851n
245 0 0 _aNormas nacionales de odontología.
250 _a3ra. ed.
260 _aSanto Domingo :
_bSecretaría de Estado de Salud Publica y Asistencia social,
_c1988.
300 _a127 p.
500 _aIncluye notas al pie de las páginas
650 0 _aODONTOLOGÍA
_920035
049 _aBNPD
999 _c13708
_d13708